| 000 | 00609nam a2200217Ia 4500 | ||
|---|---|---|---|
| 008 | 191130s2008##################000#0#eng## | ||
| 020 | _a9788183761642 | ||
| 040 |
_aACL _cACL |
||
| 082 | _a305.42 SHI | ||
| 100 | _aShilaja Nagendra | ||
| 245 |
_aWomen and human rights _cShilaja Nagendra |
||
| 260 |
_aJaipur _bABD Publisher _c2008 |
||
| 300 | _a255 p. ; 23 cm. | ||
| 500 | _aIncludes bibliographical references and index | ||
| 650 | _aIndia | ||
| 650 | _aWomen's rights | ||
| 650 | _aWomen--Social conditions | ||
| 990 | _ab4ba4fb7ac10000c104e266d19092144 | ||
| 991 | _a225948 | ||
| 999 |
_c413007 _d413007 |
||